Especialidades eléctricas: lectura de planos, elaboración de diagramas. Industrial

Salvato in:
Dettagli Bibliografici
Autore principale: Fisher, Howard W (Autore)
Natura: Libro
Lingua:spagnolo
Pubblicazione: Ciudad de México Diana 1971
Serie:Manuales Delmar de Electricidad y Electrónica
Soggetti:
Tags: Aggiungi Tag
Nessun Tag, puoi essere il primo ad aggiungerne!!

MARC

LEADER 00000nam a2200000 a 4500
001 UCU5348
003 CL-VaPUC
008 960531e19710000MX |||||||||||||||||spa|d
082 0 4 |a 621.302  |b FIS  |2 21 
100 0 |a Fisher, Howard W  |e author  |9 363321 
245 1 0 |a Especialidades eléctricas: lectura de planos, elaboración de diagramas. Industrial 
300 |a 253 p 
942 |c BK 
945 |d 19960531 00:00:00  |a paguirre 
260 |a Ciudad de México  |b Diana  |c 1971 
500 |a Incluye 8 planos industriales 
650 0 |a Electricidad  |9 260222 
650 0 |a Alto voltaje  |9 362908 
650 0 |a Voltaje   |9 362861 
650 7 |a DISTRIBUCION DE LA ENERGIA ELECTRICA  |2 CL-VaPUC  |9 363240 
650 0 |a Circuitos eléctricos   |9 260262 
650 0 |a Motores eléctricos   |9 260085 
650 7 |a DIBUJOS TECNICOS  |2 CL-VaPUC  |9 360503 
583 |a last modification  |c 19960531 00:00:00  |k Rodrigo Vera 
490 0 |a Manuales Delmar de Electricidad y Electrónica 
999 |c 248743  |d 248741 
952 |0 0  |1 0  |4 0  |6 621_302000000000000_FIS_1971  |7 0  |8 A  |9 265566  |a BIBING  |b BIBING  |d 2019-11-19  |i 1671162  |o 621.302 FIS 1971  |p 1671162  |r 2025-01-20  |w 2019-11-19  |y BK  |k ING 
952 |0 0  |1 0  |4 0  |6 621_302000000000000_FIS_1971  |7 0  |8 A  |9 265567  |a BIBING  |b BIBING  |d 2019-11-19  |i 1671111  |o 621.302 FIS 1971  |p 1671111  |r 2025-01-20  |w 2019-11-19  |y BK  |k ING 
952 |0 0  |1 0  |4 0  |6 621_302000000000000_FIS_1971  |7 0  |8 A  |9 265568  |a BIBING  |b BIBING  |d 2019-11-19  |i 1670689  |o 621.302 FIS 1971  |p 1670689  |r 2025-01-20  |w 2019-11-19  |y BK  |k ING 
952 |0 0  |1 0  |4 0  |6 621_302000000000000_FIS_1971  |7 0  |8 A  |9 265569  |a BIBING  |b BIBING  |d 2019-11-19  |i 1670638  |o 621.302 FIS 1971  |p 1670638  |r 2025-01-20  |w 2019-11-19  |y BK  |k ING